Uplatnenie vybraných marginalizovaných skupín na trhu práce prostredníctvom inovatívnych pracovných technológií

Problematika nezamestnanosti ohrozených kategórií osôb, ktoré sú označované ako rizikové, marginalizované, či diskriminované. Oblasť podpory a návratu týchto skupín na pracovný trh prostredníctvom inovatívnych pracovných technológií.

Guardado en:
Detalles Bibliográficos
Autor principal: Bašistová, Alena
Otros Autores: Ponevská, Monika
Formato: Capítulo de libro
Lenguaje:eslovaco
Materias:
Etiquetas: Agregar Etiqueta
Sin Etiquetas, Sea el primero en etiquetar este registro!

MARC

LEADER 00000naa$a2200000$$$4500
001 0177122
005 20240502073022.6
041 0 |a slo 
044 |a SK 
245 1 0 |a Uplatnenie vybraných marginalizovaných skupín na trhu práce prostredníctvom inovatívnych pracovných technológií  |c Alena Bašistová, Monika Ponevská 
520 |a Problematika nezamestnanosti ohrozených kategórií osôb, ktoré sú označované ako rizikové, marginalizované, či diskriminované. Oblasť podpory a návratu týchto skupín na pracovný trh prostredníctvom inovatívnych pracovných technológií. 
610 2 0 |a práca sociálna 
610 2 0 |a nezamestnanosť 
610 2 0 |a skupiny sociálne 
610 2 0 |a vylúčenie sociálne 
610 2 0 |a začlenenie sociálne 
610 2 0 |a trh práce 
100 1 |a Bašistová, Alena 
700 1 |a Ponevská, Monika